Pablo (Record no. 29222)

MARC details
000 -LEADER
campo de control de longitud fija 00590nam a2200181 i 4500
001 - NÚMERO DE CONTROL
campo de control 29222
003 - IDENTIFICADOR DE NÚMERO DE CONTROL
campo de control ES-MaACL
005 - FECHA Y HORA DE LA ÚLTIMA TRANSACCIÓN
campo de control 20230906154007.0
007 - CAMPO FIJO DE DESCRIPCIÓN FÍSICA--INFORMACIÓN GENERAL
campo de control de longitud fija t|
008 - DATOS DE LONGITUD FIJA--INFORMACIÓN GENERAL
campo de control de longitud fija 030121s1972 sp ||||1| spa d
100 1# - ENTRADA PRINCIPAL--NOMBRE DE PERSONA
Nombre de persona Ballarini, Teodorico.
9 (RLIN) 24979
245 10 - MENCIÓN DEL TÍTULO
Título Pablo
Resto del título : vida, apostolado, escritos /
Mención de responsabilidad, etc. bajo la dirección de Teodorico Ballarini ; traducción por Javier de Abarzuza.
260 ## - PUBLICACIÓN, DISTRIBUCIÓN, ETC.
Lugar de publicación, distribución, etc. Madrid :
Nombre del editor, distribuidor, etc. Studium,
Fecha de publicación, distribución, etc. [1972]
300 ## - DESCRIPCIÓN FÍSICA
Extensión 918 p., 20 lám. ;
Dimensiones 25 cm.
700 0# - ENTRADA AGREGADA--NOMBRE PERSONAL
Nombre de persona Javier de Abárzuza,
Fechas asociadas al nombre 1903-1980
9 (RLIN) 17972
852 ## - LOCALIZACIÓN
Ubicación ES-MaACL
Número de control de estantería C-42701
Sublocalización o colección R.81297
Holdings
Estatus retirado Estado de pérdida Estado de daño No para préstamo Biblioteca de origen Biblioteca actual Ubicación en estantería Fecha de adquisición Fuente de adquisición Total de préstamos Signatura topográfica completa Código de barras Visto por última vez Precio de reemplazo Tipo de ítem Koha
        Biblioteca del Ateneo de Madrid Biblioteca del Ateneo de Madrid Depósito 2 17/01/2008     C-42701 1030167 23/02/2023 23/02/2023 Libro impreso